000 00613nam a22002417a 4500
003 UA-OsUOA
001 96723
007 ta
008 20130321b un ||||| |||| 00| 0 ukr d
100 _aМикоян А. И.
090 _a821.161.1
_bМ59
942 _cBK
040 _aUA-OsUOA
_brus
_cUA-OsUOA
_dUA-OsUOA
245 _aДорогой борьбы
300 _a590 с.
955 _a2
041 _arus
080 _a821.161.1
260 _aМ.
_bПолитиздат
_c1971
246 3 1 _aКн.1
_n
650 7 _a82 Література. Літературознавство
_2UDC
999 _c382979
_d382979